The Avalanches Songs - Statistics

General Stats
  • This quiz has been taken 9 times
  • The average score is 41 of 64
Answer Stats
Hint Answer % Correct
1 A Different Feeling
100%
2 Because I'm Me feat. Camp Lo
100%
1 Electricity
100%
1 ETOH
100%
1 Flight Tonight
100%
2 Frankie Sinatra feat. Danny Brown & MF DOOM
100%
1 Frontier Psychiatrist
100%
2 If I Was a Folkstar feat. Toro y Moi
100%
1 Live at Dominoes
100%
1 Pablo's Cruise
100%
1 Radio
100%
1 Since I Left You
100%
1 Stay Another Season
100%
1 Summer Crane
100%
2 The Wozard of Iz feat. Danny Brown
100%
1 Two Hearts in 3/4 Time
100%
3 We Will Always Love You feat. Blood Orange
100%
3 Always Black feat. Pink Siifu
67%
1 Avalanche Rock
67%
1 Close to You
67%
2 Colours
67%
1 Diner's Only
67%
1 Extra Kings
67%
2 Going Home
67%
2 Kaleidoscope Lovers feat. Jonathan Donahue
67%
1 Little Journey
67%
3 Music is The Light feat. Cornelius & Kelly Moran
67%
3 Music Makes Me High
67%
3 Oh The Sunn! feat. Perry Farrell
67%
3 Running Red Lights feat. Rivers Cuomo & Pink Siifu
67%
3 Song for Barbara Payton
67%
3 Star Song.IMG
67%
2 Subways
67%
3 Take Care in Your Dreaming feat. Denzel Curry, Tricky & Sampa the Great
67%
3 The Divine Chord feat. MGMT & Johnny Marr
67%
2 The Leaves Were Falling
67%
2 The Noisy Eater feat. Biz Markie
67%
1 Tonight
67%
3 We Go On feat. Cola Boyy & Mick Jones
67%
2 Wildflower
67%
2 Zap!
67%
3 Born to Lose
33%
3 Carrier Waves
33%
3 Dial D For Devotion feat. Karen O
33%
3 Ghost Story feat. Orono
33%
3 Ghost Story Pt. 2 feat. Orono
33%
3 Gold Sky feat. Kurt Vile
33%
2 Harmony
33%
3 Interstellar Love feat. Leon Bridges
33%
2 Light Up
33%
2 Live a Lifetime Love feat. A.Dd+
33%
2 Livin' Underwater (Is Somethin' Wild)
33%
3 Overcome
33%
2 Over the Turnstiles
33%
2 Park Music
33%
3 Pink Champagne
33%
3 Reflecting Light feat. Sananda Maitreya & Vashti Bunyan
33%
2 Saturday Night Inside Out feat. Father John Misty & David Berman
33%
3 Solitary Ceremonies
33%
2 Stepkids feat. Jennifer Herrema & Warren Ellis
33%
2 Sunshine
33%
3 Until Daylight Comes feat. Tricky
33%
3 Weightless
33%
3 Wherever You Go feat. Jamie xx, Neneh Cherry & Clypso
33%
No matching quizzes found
Score Distribution
Percent of People with Each Score
Percentile by Number Answered
Your Score History
You have not taken this quiz